Košice obvodove stredisko pre výcvik (býv. kadetka)

Zobrazenie: pohľad zľava na budovu

Bibliographic Details
Format: Photo
Language:Slovak
PhysicalDescription:1 pohľadnica tónovaná do modra 9 x 14 cm
Published: Košice Trafika Drexler [1929?]
Subjects:

MARC

LEADER 00000nkm a2200000 a 4500
001 vtls011599046
003 SK-MaSNL
005 20260301181126.0
007 kf ao
008 200701q1929 xo g kuslo
015 |a SNBG 
040 |a SNK  |b slo  |c SNK  |e AACR2 
041 0 |a slo 
043 |a e-xo--- 
044 |a xo  |c SK 
080 |a 913(437.6)  |2 2011 
080 |a 355.23  |2 2011 
080 |a (084.121)  |2 2011 
245 0 0 |a Košice  |h grafika  |b obvodove stredisko pre výcvik (býv. kadetka) 
260 |a Košice  |b Trafika Drexler  |c [1929?] 
300 |a 1 pohľadnica  |b tónovaná do modra  |c 9 x 14 cm 
520 8 |a Zobrazenie: pohľad zľava na budovu 
650 0 7 |a vojenské školy  |2 SNKPH  |9 69042 
651 7 |a Košice (Slovensko)  |2 SNKPH  |9 18694 
655 7 |a miestne pohľadnice  |2 SNKPH  |9 70510 
655 7 |a pohľadnice kultúrnych pamiatok  |2 SNKPH  |9 70523 
958 |a GBN 
958 |a GC 
958 |a OND 
999 |c 848839  |d 850769 
952 |a SNK  |b SNK  |y PREZ  |7 0  |p 17A1199722  |o snkSP 16195  |0 0  |1 0  |4 0  |d 2016-12-12  |f 1  |l 0  |r 2026-02-24 04:34:38  |w 2026-02-24